000 00818nam a22002417a 4500
999 _c9626
_d9626
003 AR-CdUCM
008 190328b ||||| |||| 00| 0 spa d
040 _aMUNICIPALIDAD PROVINCIAL DEL CUSCO
_cBIBLIOTECA MUNICIPAL DEL CUSCO
082 _a631.4 /
_bC79G / 1930
100 _aCord, Ernesto
_925952
245 _aGeologia Agricola /
260 _aBarcelona :
_bSalvat,
_c1930.
300 _a460 paginas ;
_bilustraciones,
_c18 cm.
500 _aEnciclopedia Agricola
505 _aContenido: la tierra y los mares -- el globo terrestre en los periodos antiguos -- la vida en las epocas antiguas -- corteza terrestre -- estratigrafia...
650 _aSuelos
_919092
650 _aTierra
_9337
650 _aMar
_9935
650 _aMundo
_9597
700 _aWery, G.
_925953
942 _2ddc
_cLIBROS
945 _apjha